Identify Nations of Europe - Statistics

General Stats
  • This quiz has been taken 52 times
  • The average score is 39 of 45
Answers on the Map
Answers color-coded by a green-red scale on the quiz's map according to % correct below.
 
Answer Stats
Country % Correct
Germany
97%
Ireland
97%
Italy
97%
Spain
97%
Austria
94%
Belgium
94%
Denmark
94%
Estonia
94%
Finland
94%
France
94%
Iceland
94%
Portugal
94%
Sweden
94%
United Kingdom
94%
Greece
91%
Norway
91%
Russia
91%
Switzerland
91%
Albania
88%
Andorra
88%
Bulgaria
88%
Croatia
88%
Poland
88%
Latvia
85%
Lithuania
85%
Luxembourg
85%
Monaco
85%
Netherlands
85%
Romania
85%
Serbia
85%
Ukraine
85%
Vatican City
85%
Belarus
82%
Hungary
82%
Kosovo
82%
Slovenia
82%
Malta
79%
North Macedonia
79%
San Marino
79%
Slovakia
79%
Czech Republic
76%
Liechtenstein
76%
Montenegro
76%
Bosnia and Herzegovina
74%
Moldova
74%
No matching quizzes found
Score Distribution
Percent of People with Each Score
Percentile by Number Answered
Your Score History
You have not taken this quiz